T.G.M (1850-1937.) ; Tomáš Garrigue Masaryk

Bibliographic Details
Format: Article
Language:Slovak
Subjects:

MARC

LEADER 00000nab a2200000 a 4500
001 vtls000381075
003 SK-MaSNL
005 20260303204848.0
008 230302c1990 xo 0 slo
015 |a SNBRB19rr/mm-uuuuu 
035 |a CL0381197 
035 |a urn:nbn:sk:snk-abenb5 
035 |a (urnnbn)urn:nbn:sk:snk:ar-0007n8 
035 |a (uuid)72adf9c0-a5a3-4214-ac85-120368f670d8 
040 |a SNKBUCL  |b slo  |c SNKBUCL  |e AACR2 
041 0 |a slo 
044 |a xo  |c SK 
080 |a 32-051  |2 1981 
080 |a 101.9  |2 1981 
080 |a 929 Masaryk, Tomáš Garrigue  |2 1981 
245 0 0 |a T.G.M  |b (1850-1937.) ; Tomáš Garrigue Masaryk 
600 1 7 |a Masaryk, Tomáš Garrigue,  |d 1850-1937  |2 snkbucl  |9 98178 
655 7 |a články z novín a časopisov  |2 snkbucl  |9 267496 
773 0 |t Slovenské pohľady  |g Roč. 106, č. 3 (1990), s. 83-89 
850 |a Slovenská národná knižnica v Martine  |a MTA001 
852 |a SNK  |b KIS3GCP 
958 |a RK 
958 |a CZ 
958 |a OND 
958 |a EUIPO 
958 |a article27 
992 |a RBX 
999 |c 2192223  |d 2194153